[Event "Golden Cleopatra Open"]
[Site "Cairo EGY"]
[Date "2001.05.02"]
[Round "1"]
[White "Marin,M"]
[Black "Sarwat,W"]
[Result "0-1"]
[WhiteElo "2601"]
[BlackElo "2356"]
[EventDate "2001.05.02"]

1. c4 e5 2. Nc3 Nf6 3. Nf3 Nc6 4. g3 d5 5. cxd5 Nxd5 6. Bg2 Nb6 7. O-O Be7
8. Rb1 a5 9. d3 Be6 10. Be3 Nd5 11. Nxd5 Bxd5 12. Qa4 O-O 13. Rbc1 Bd6 14.
Rfd1 Nb4 15. Nd2 c6 16. d4 b5 17. Qa3 Nxa2 18. Qd3 Nxc1 19. Rxc1 Bxg2 20.
Kxg2 exd4 21. Bxd4 Bb4 22. Nf3 Rc8 23. Qf5 Re8 24. e4 f6 25. h4 c5 26. Be5
Qe7 0-1

[Event "Golden Cleopatra Open"]
[Site "Cairo EGY"]
[Date "2001.05.02"]
[Round "1"]
[White "Mahdi,K"]
[Black "Fominyh,A"]
[Result "0-1"]
[WhiteElo "2354"]
[BlackElo "2571"]
[EventDate "2001.05.02"]

1. e4 c5 2. Nf3 e6 3. d4 cxd4 4. Nxd4 Nc6 5. Nxc6 bxc6 6. Bd3 d5 7. Nd2 Nf6
8. O-O a5 9. Qe2 Be7 10. Re1 a4 11. e5 Nd7 12. Qg4 g6 13. Nf3 Qb6 14. Bg5
Bc5 15. Qg3 Ba6 16. Rab1 Bb4 17. Be3 Qb7 18. Red1 Be7 19. Qf4 Bxd3 20. Rxd3
h6 21. h4 c5 22. Rdd1 Qc7 23. c4 dxc4 24. Rbc1 Nb6 25. Nd2 g5 26. Qe4 Rd8
27. Nxc4 Rxd1+ 28. Rxd1 Nxc4 29. Qxc4 O-O 30. hxg5 hxg5 31. f4 Qb7 32. fxg5
Qxb2 33. Qxa4 Qxe5 34. Qf4 Qxf4 35. Bxf4 Ra8 36. Rd2 Ra4 37. g3 c4 38. Kf1
Kg7 39. Rd7 Bc5 40. Be5+ Kg6 41. Bf6 Rxa2 42. Rc7 Bd6 43. Rxc4 Bxg3 44. Rg4
Bd6 45. Rh4 Kf5 46. Rh7 Ra7 47. Bd4 Rc7 48. Be3 Ke4 49. Bb6 Rd7 50. Ke2 Kf5
51. Be3 Be5 52. Kf3 Rb7 53. Rh5 Kg6 54. Rh6+ Kg7 55. Ke4 Rb5 56. Rh1 Bd6
57. Bd4+ Kg6 58. Bf6 Rb4+ 59. Kd3 Bf4 60. Rh6+ Kf5 61. Rh7 Rb7 62. Rg7 e5
63. Kc4 Rd7 64. Rg8 Rc7+ 65. Kd5 Rd7+ 66. Kc6 Ra7 67. Kb6 Be3+ 68. Kc6 e4
69. Re8 Bf2 70. Re5+ Kf4 71. Re8 Kf3 72. Rf8 Ke2 73. Re8 Kd3 74. Rd8+ Kc4
75. Rd2 e3 76. Rd4+ Kb3 77. Rf4 e2 78. Rf3+ Kc4 79. Bc3 Ra3 80. Rxf2 Rxc3
0-1

[Event "Golden Cleopatra Open"]
[Site "Cairo EGY"]
[Date "2001.05.02"]
[Round "1"]
[White "Sulava,N"]
[Black "Tissir,M"]
[Result "1-0"]
[WhiteElo "2526"]
[BlackElo "2352"]
[EventDate "2001.05.02"]

1. Nf3 Nf6 2. c4 e6 3. g3 d5 4. d4 dxc4 5. Bg2 Bb4+ 6. Bd2 Be7 7. O-O Bd7
8. Ne5 Bc6 9. Nxc6 Nxc6 10. e3 O-O 11. Qe2 Bd6 12. Qxc4 e5 13. d5 Ne7 14.
Nc3 a6 15. a4 Rc8 16. Rfd1 Kh8 17. Be1 Nd7 18. Ne4 h6 19. b4 Rb8 20. a5 Ng6
21. Rac1 Qe7 22. b5 f5 23. Nxd6 cxd6 24. Bb4 e4 25. Qc7 Rf6 26. Bc3 Rf7 27.
Rb1 axb5 28. Rxb5 Rbf8 29. Rxb7 Nge5 30. h3 Nd3 31. Bd4 Ra8 32. a6 Rxa6 33.
Qc8+ Qf8 34. Qxf8+ 1-0

[Event "Golden Cleopatra Open"]
[Site "Cairo EGY"]
[Date "2001.05.02"]
[Round "1"]
[White "Barsov,A"]
[Black "El Ghazali,Y"]
[Result "1-0"]
[WhiteElo "2519"]
[BlackElo "2343"]
[EventDate "2001.05.02"]

1. d4 Nf6 2. c4 a6 3. Nc3 c5 4. d5 b5 5. cxb5 axb5 6. e4 Qa5 7. Bxb5 Nxe4
8. Nge2 Nxc3 9. Nxc3 Ba6 10. Bd3 e6 11. O-O Be7 12. Re1 Bxd3 13. Qxd3 Bf6
14. Bd2 Qa6 15. Qc2 O-O 16. Ne4 exd5 17. Nxf6+ Qxf6 18. Qxc5 Nc6 19. b4 Qd4
20. Be3 Qxb4 21. Qxd5 Qb7 22. Red1 Rfd8 23. Rab1 Qa6 24. Rb6 Qa4 25. Rd2 h6
26. h3 Ne7 27. Qc5 Ng6 28. Rbd6 Qe4 29. R6d4 Qb1+ 30. Kh2 Rxa2 31. Rb4 Qa1
32. Bd4 Qf1 33. Rxa2 Nf4 34. f3 Nd3 35. Qc7 Rf8 36. Rb8 Rxb8 37. Qxb8+ Kh7
38. Ra8 Kg6 39. Qg3+ 1-0

[Event "Golden Cleopatra Open"]
[Site "Cairo EGY"]
[Date "2001.05.02"]
[Round "1"]
[White "Roeder,M"]
[Black "Hamed,Ah"]
[Result "1/2-1/2"]
[WhiteElo "2459"]
[BlackElo "2331"]
[EventDate "2001.05.02"]

1. d4 Nf6 2. c4 g6 3. Nc3 Bg7 4. e4 d6 5. Be2 O-O 6. Bg5 c5 7. d5 e6 8. Qd2
exd5 9. exd5 Re8 10. Nf3 a6 11. a4 Nbd7 12. O-O Qe7 13. Rae1 Qf8 14. h3 h6
15. Be3 b6 16. Bd3 Bb7 17. Nh2 Re7 18. f4 Rae8 19. Nf3 Nh5 20. Kh2 f5 21.
Bf2 Rxe1 22. Rxe1 Ndf6 23. Nh4 Rxe1 24. Bxe1 Qe8 25. g3 Ne4 26. Bxe4 fxe4
27. Qe3 Nf6 28. g4 Bc8 29. Kg2 Bd7 30. b3 b5 31. axb5 axb5 32. Bg3 b4 33.
Nd1 h5 34. g5 Nh7 35. Qe2 Bd4 36. Bf2 Nf8 37. Be3 Bf5 1/2-1/2

[Event "Golden Cleopatra Open"]
[Site "Cairo EGY"]
[Date "2001.05.02"]
[Round "1"]
[White "Abou el Zein,E"]
[Black "Kasparov,S"]
[Result "0-1"]
[WhiteElo "2330"]
[BlackElo "2456"]
[EventDate "2001.05.02"]

1. Nf3 Nf6 2. d4 c5 3. d5 g6 4. c4 b5 5. cxb5 a6 6. bxa6 Bxa6 7. Nc3 d6 8.
e4 Bxf1 9. Kxf1 Nbd7 10. h3 Bg7 11. g3 O-O 12. Kg2 Ra7 13. Re1 Qa8 14. Bg5
Rb8 15. Qc2 h6 16. Bd2 Ne8 17. Rab1 Nc7 18. a4 Rab7 19. b3 Rb6 20. Be3 Qa6
21. Red1 Kh7 22. Nd2 Ne5 23. Nf1 Nd7 24. Na2 R6b7 25. Bd2 Ra7 26. Ne3 Nb5
27. Nc4 Nd4 28. Qd3 Ne5 29. Nxe5 Bxe5 30. Qe3 Bg7 31. Bc3 Rab7 32. Nc1 Nc2
33. Qd2 Nd4 34. Qe3 Rb6 35. Rd2 Qa8 36. Ra2 e6 37. dxe6 fxe6 38. b4 Nf5 39.
Qf3 Bxc3 40. exf5 gxf5 41. b5 Kg7 42. Ne2 Ba5 43. Nf4 Kf7 44. Re2 Qxf3+ 45.
Kxf3 d5 46. Nd3 c4 47. Ne5+ Ke7 48. Rd1 Rc8 49. Nc6+ Rcxc6 50. bxc6 Kd6 51.
g4 fxg4+ 52. hxg4 Rb8 53. Rh1 Rf8+ 54. Ke3 Bb6+ 55. Kd2 Rf6 56. f4 Kxc6 57.
g5 hxg5 58. fxg5 Rg6 59. Rh6 Ba5+ 60. Ke3 Rxg5 61. Rxe6+ Kc5 62. Kf4 Rg8
63. Rb2 Bc7+ 64. Kf5 Rf8+ 65. Kg6 Rb8 66. Ra2 Ra8 67. Re7 Kd6 68. Rae2 Rc8
0-1

[Event "Golden Cleopatra Open"]
[Site "Cairo EGY"]
[Date "2001.05.02"]
[Round "1"]
[White "Khamrakulov,I"]
[Black "Elgabry,M"]
[Result "1-0"]
[WhiteElo "2451"]
[BlackElo "2328"]
[EventDate "2001.05.02"]

1. e4 c5 2. c3 d5 3. exd5 Qxd5 4. d4 cxd4 5. cxd4 Nc6 6. Nf3 Bg4 7. Nc3
Bxf3 8. gxf3 Qxd4 9. Qxd4 Nxd4 10. Nb5 e5 11. Nc7+ Kd7 12. Nxa8 Bb4+ 13.
Kd1 Ne7 14. Be3 Rxa8 15. f4 Nd5 16. fxe5 Nxe3+ 17. fxe3 Nf3 18. Bh3+ Ke7
19. Rc1 Rd8+ 20. Ke2 Ng5 21. Rc7+ Ke8 22. Bg2 Rd2+ 23. Kf1 Rxb2 24. Rxb7 a5
25. Bc6+ Kd8 26. h4 Ne6 27. Rd7+ Kc8 28. Rxf7 Rd2 29. Rf2 Rd8 30. Be4 g6
31. Rc2+ Kd7 32. Ke2 Ke7 33. Rd1 Nc5 34. Rxd8 Kxd8 35. Bd5 Nd7 36. e6 Nc5
37. Rc4 Na4 38. a3 Nc3+ 39. Kd3 Nxd5 40. axb4 Nxb4+ 41. Ke4 Ke7 42. Rc7+
Kxe6 43. Rxh7 Nc6 44. Rh6 Kf6 45. h5 Ne5 46. hxg6 Nc4 47. Kd4 Nd2 48. g7+
Kxg7 49. Ra6 Kf7 50. Kd3 Nf3 51. Rxa5 Ke6 52. Ke4 Nd2+ 53. Kf4 Nc4 54. Ra4
Nd2 55. e4 Nb3 56. Ra6+ Kd7 57. Ke5 1-0

[Event "Golden Cleopatra Open"]
[Site "Cairo EGY"]
[Date "2001.05.02"]
[Round "1"]
[White "Afifi,As"]
[Black "Velicka,P"]
[Result "1/2-1/2"]
[WhiteElo "2326"]
[BlackElo "2451"]
[EventDate "2001.05.02"]

1. b3 e5 2. Bb2 Nc6 3. e3 g6 4. Nf3 Bg7 5. d4 exd4 6. Nxd4 Nxd4 7. Bxd4 Nf6
8. c4 O-O 9. Be2 d5 10. O-O Be6 11. Nd2 Qe7 12. Qc1 c5 13. Qa3 b6 14. Rad1
Rad8 15. cxd5 Bxd5 16. Nf3 Ba8 17. Ba1 Nd5 18. Bxg7 Kxg7 19. Qb2+ Qf6 20.
Qxf6+ Kxf6 21. Rc1 Ke7 22. a3 Rd6 23. Ne5 f6 24. Nc4 Rd7 25. Rfd1 Rfd8 26.
Kf1 Bc6 27. Ke1 Nc7 28. Rxd7+ Rxd7 29. f3 Bd5 30. Rd1 h6 31. h4 Bf7 32.
Rxd7+ Kxd7 33. f4 Nd5 34. Kd2 Ne7 35. g4 Bd5 36. Bd3 g5 37. hxg5 hxg5 38.
fxg5 fxg5 39. Ke2 Bxc4 40. Bxc4 Kd6 41. Kd3 Ke5 42. Bb5 Nc8 43. Bc6 Nd6 44.
a4 Ke6 45. Bf3 a6 46. Bc6 Ke5 47. Bf3 b5 48. axb5 axb5 49. Bc6 Ke6 50. Kc3
b4+ 51. Kd3 Nf7 52. Ke4 Nd6+ 53. Kd3 Ke5 54. Bf3 Ne8 55. Bc6 Nf6 56. Bf3
Kd6 57. Be2 Nd5 58. Bf3 Nf6 59. Be2 Ke5 60. Bf3 Ke6 61. Be2 Nd5 62. Bf3 Nc3
63. Kc4 Kd6 64. Kd3 Nb5 65. Kc4 Na3+ 66. Kd3 Ke5 67. Be2 Kd5 68. Bf3+ Kd6
69. Bd1 Nb1 70. Be2 Kd5 71. Bf3+ Ke5 72. Bd1 Kd6 73. Be2 1/2-1/2

[Event "Golden Cleopatra Open"]
[Site "Cairo EGY"]
[Date "2001.05.02"]
[Round "1"]
[White "Medvegy,Z"]
[Black "Sameeh,H"]
[Result "1-0"]
[WhiteElo "2444"]
[BlackElo "2313"]
[EventDate "2001.05.02"]

1. e4 c5 2. Nf3 d6 3. d4 cxd4 4. Nxd4 Nf6 5. Nc3 g6 6. Be3 Bg7 7. f3 Nc6 8.
Qd2 O-O 9. O-O-O Nxd4 10. Bxd4 Be6 11. Kb1 Qc7 12. h4 Rfc8 13. h5 Qa5 14.
h6 Bh8 15. a3 Nd7 16. Bxh8 Kxh8 17. Nd5 Qxd2 18. Rxd2 Bxd5 19. Rxd5 Kg8 20.
Rd4 Rc7 21. Be2 Rac8 22. c3 Nc5 23. g3 Ne6 24. Rd2 Ng5 25. Rd4 Ne6 26. Rd5
Rc5 27. f4 Nc7 28. Rxc5 dxc5 29. Rd1 Kf8 30. e5 e6 31. Bf3 b6 32. Rd7 Ke8
33. Bc6 Nd5 34. Rc7+ Kd8 35. Rxc8+ Kxc8 36. Be8 Kd8 37. Bxf7 Ke7 38. Bxg6
1-0

[Event "Golden Cleopatra Open"]
[Site "Cairo EGY"]
[Date "2001.05.02"]
[Round "1"]
[White "Frhat,A"]
[Black "Surjadnji,A"]
[Result "0-1"]
[WhiteElo "2306"]
[BlackElo "2431"]
[EventDate "2001.05.02"]

1. e4 c5 2. Nf3 e6 3. d4 cxd4 4. Nxd4 Nc6 5. Nb5 d6 6. c4 Nf6 7. N1c3 a6 8.
Na3 Be7 9. Be2 O-O 10. O-O b6 11. Be3 Bb7 12. f3 Ne5 13. Qe1 Re8 14. Qf2
Ned7 15. Rfd1 Qc7 16. Rac1 Rac8 17. b4 Qb8 18. Nab1 d5 19. cxd5 exd5 20.
Nxd5 Nxd5 21. Rxc8 Qxc8 22. exd5 Bxb4 23. Rc1 Qxc1+ 24. Bxc1 Bc5 25. Qxc5
Nxc5 26. Nc3 Na4 0-1

[Event "Golden Cleopatra Open"]
[Site "Cairo EGY"]
[Date "2001.05.02"]
[Round "1"]
[White "Hatem,I"]
[Black "Georg,Ma"]
[Result "1-0"]
[WhiteElo "2393"]
[BlackElo "2277"]
[EventDate "2001.05.02"]

1. d4 e6 2. e4 d5 3. Nc3 Bb4 4. e5 Qd7 5. Qg4 f5 6. Qh5+ g6 7. Qh3 b6 8.
Bg5 Ba6 9. Nge2 Nc6 10. O-O-O Be7 11. Be3 O-O-O 12. g4 Bb4 13. gxf5 gxf5
14. Bg2 Na5 15. Kb1 Nc4 16. Bc1 b5 17. a3 Bf8 18. Bg5 Be7 19. Bxe7 Nxe7 20.
Nc1 Bb7 21. Nb3 a5 22. Nc5 Qc6 23. Qh6 Ng6 24. h4 Rdg8 25. Bh3 Kb8 26. h5
Nf8 27. Rhg1 Ng6 28. Rg3 Bc8 29. hxg6 hxg6 30. Qg5 Nxe5 31. Qf6 Nc4 32. Bg2
Nd6 33. Rxg6 Qe8 34. Rxg8 Qxg8 35. Bf3 Rh2 36. Nd3 Qh7 37. Qe5 Nc4 38. Qe2
Qh4 39. Nxb5 Bd7 40. a4 c6 41. b3 cxb5 42. bxc4 bxc4 43. Nc5 Kc8 44. Nxd7
Kxd7 45. Re1 Qe7 46. Ka2 Qd6 47. Rb1 Rh3 48. Rb7+ Kd8 49. Rb5 Kd7 50. Qe3
f4 51. Qc3 Ke7 52. Rxa5 Kf6 53. Rc5 Rh2 54. Qe1 Rh3 55. Bg4 Rh4 56. Qe2 Rh2
57. a5 Rh8 58. f3 Rh7 59. Rb5 Ra7 60. Qh2 Kg7 61. Qd2 Kf6 62. Kb2 Ra6 63.
Qh2 1-0

[Event "Golden Cleopatra Open"]
[Site "Cairo EGY"]
[Date "2001.05.02"]
[Round "1"]
[White "Yousry,S"]
[Black "Radulov,I"]
[Result "1/2-1/2"]
[WhiteElo "2274"]
[BlackElo "2390"]
[EventDate "2001.05.02"]

1. e4 c5 2. Nc3 Nc6 3. g3 g6 4. Bg2 Bg7 5. d3 e6 6. Be3 Nd4 7. Nge2 Ne7 8.
O-O d6 9. Qd2 O-O 10. Nd1 b6 11. Nxd4 cxd4 12. Bh6 Bb7 13. Bxg7 Kxg7 14. c3
1/2-1/2

[Event "Golden Cleopatra Open"]
[Site "Cairo EGY"]
[Date "2001.05.02"]
[Round "1"]
[White "Adly,A"]
[Black "Chahrani,I"]
[Result "1-0"]
[WhiteElo "2209"]
[BlackElo "2358"]
[EventDate "2001.05.02"]

1. d4 f5 2. Nf3 Nf6 3. e3 g6 4. b3 Bg7 5. Bb2 d5 6. Be2 O-O 7. O-O Ne4 8.
Ne5 Nd7 9. f3 Nd6 10. Nd3 e6 11. Nd2 Bh6 12. f4 Ne4 13. Nxe4 fxe4 14. Nc5
Nxc5 15. dxc5 Bg7 16. Bxg7 Kxg7 17. Qd4+ Qf6 18. c3 Bd7 19. g4 b6 20. Rac1
Kg8 21. b4 b5 22. a3 c6 23. Kg2 Qxd4 24. cxd4 a5 25. Ra1 Ra7 26. a4 axb4
27. axb5 Rxa1 28. Rxa1 cxb5 29. Bd1 g5 30. fxg5 Bc6 31. Ra6 Rc8 32. h4 e5
33. dxe5 Be8 34. Bb3 Rxc5 35. Rf6 1-0

[Event "Golden Cleopatra Open"]
[Site "Cairo EGY"]
[Date "2001.05.03"]
[Round "2"]
[White "Fominyh,A"]
[Black "Medvegy,Z"]
[Result "1/2-1/2"]
[WhiteElo "2571"]
[BlackElo "2444"]
[EventDate "2001.05.02"]

1. d4 Nf6 2. Nf3 c5 3. d5 b5 4. Bg5 Ne4 5. Bf4 Bb7 6. a4 Qa5+ 7. Nbd2 Nxd2
8. Nxd2 Bxd5 9. axb5 Qd8 10. e4 Bb7 11. Bd3 g6 12. Nb3 Qb6 13. Na5 Bg7 14.
Nxb7 Qxb7 15. c3 d6 16. O-O Nd7 17. Bc4 Nb6 18. Bd5 Nxd5 19. Qxd5 Rb8 20.
Ra5 O-O 21. Rfa1 Qxd5 22. exd5 a6 23. bxa6 Rxb2 24. a7 Ra8 25. R5a3 Kf8 26.
Bc1 Rb7 27. Kf1 Ke8 28. Ke2 e6 29. dxe6 fxe6 30. Kd3 Kd7 31. h4 Bf6 32. Bg5
Bxg5 33. hxg5 Kc6 34. f4 Rb2 35. Ra6+ Rb6 36. R6a2 Rb7 37. g3 Kc7 38. Rh1
Kd8 39. Ra6 Rd7 40. Rha1 d5 41. Rxe6 Raxa7 42. Rxa7 Rxa7 43. Re5 d4 44.
Rxc5 dxc3 45. Rxc3 Ke7 46. Ke4 Kf7 47. g4 Kg7 48. Rc6 Kf7 49. Rf6+ Kg7 50.
Rc6 Kf7 51. Kd5 Rd7+ 52. Rd6 Re7 53. f5 Ra7 54. Rf6+ Ke7 55. Rc6 gxf5 56.
gxf5 Kf7 57. Kd6 Ra5 58. Rc7+ Kf8 59. Rc5 Ra6+ 60. Rc6 Ra8 61. Ke6 Kg8 62.
Rc7 Re8+ 63. Re7 Ra8 64. Kf6 Rf8+ 65. Ke5 Ra8 66. Kf4 Ra4+ 67. Re4 Ra5 68.
Rd4 Ra7 69. Kg4 Ra5 70. Rd8+ Kf7 71. Rd7+ Kg8 72. Re7 Rb5 73. Kf4 Ra5 74.
Re5 Ra4+ 75. Re4 Ra5 76. Rd4 Kf7 77. Ke4 Rb5 78. Rd7+ Kg8 79. Rd5 Rb7 80.
Ke5 Kf7 81. Rc5 Re7+ 82. Kd6 Re1 83. Rc7+ Kg8 84. Re7 Ra1 85. Ke5 Ra6 86.
Rd7 Rb6 87. Rd6 Rb8 88. Kd5 Re8 89. Re6 Ra8 90. Ke5 Kf7 91. Rd6 Ra5+ 92.
Rd5 Ra7 93. Rd8 Ra5+ 94. Kf4 Ra4+ 95. Kf3 Rb4 96. Kg3 Ra4 97. f6 Ra3+ 98.
Kg4 Ra4+ 99. Kf5 Ra5+ 100. Kf4 Ra4+ 101. Ke5 Ra5+ 102. Rd5 Rxd5+ 103. Kxd5
h6 104. gxh6 Kxf6 105. h7 Kg7 106. h8=Q+ Kxh8 1/2-1/2

[Event "Golden Cleopatra Open"]
[Site "Cairo EGY"]
[Date "2001.05.03"]
[Round "2"]
[White "Surjadnji,A"]
[Black "Sulava,N"]
[Result "0-1"]
[WhiteElo "2431"]
[BlackElo "2526"]
[EventDate "2001.05.02"]

1. d4 e6 2. c4 b6 3. Nc3 Bb4 4. Qc2 Bb7 5. e4 Qh4 6. Bd3 f5 7. g3 Qh5 8. f3
Nc6 9. Nge2 fxe4 10. fxe4 Nf6 11. a3 Bxc3+ 12. Qxc3 O-O 13. Nf4 Qe8 14. O-O
e5 15. d5 Nd4 16. Kg2 c5 17. Nh3 Qh5 18. Be3 d6 19. Rf5 Nxf5 20. exf5 Nxd5
21. cxd5 Bxd5+ 22. Kg1 Qxh3 23. Qd2 Bb7 24. b4 Kh8 25. Rf1 e4 26. Be2 Rxf5
27. Qxd6 Rxf1+ 28. Bxf1 Qf5 29. bxc5 bxc5 30. Qxc5 Qxc5 31. Bxc5 a6 32. Bh3
Rd8 33. Bg4 Rd2 34. Bb4 Rb2 35. Bc5 Bd5 36. Bh5 Ra2 37. Be8 e3 38. Kf1 Bc4+
39. Kg1 Ra1+ 0-1

[Event "Golden Cleopatra Open"]
[Site "Cairo EGY"]
[Date "2001.05.03"]
[Round "2"]
[White "Sermek,D"]
[Black "Hatem,I"]
[Result "1-0"]
[WhiteElo "2525"]
[BlackElo "2393"]
[EventDate "2001.05.02"]

1. e4 e6 2. d4 d5 3. Nd2 Nf6 4. Bd3 c5 5. e5 Nfd7 6. c3 b6 7. Nh3 Ba6 8.
Bxa6 Nxa6 9. O-O b5 10. a4 b4 11. c4 Nb6 12. Qe2 Nc7 13. cxd5 Nbxd5 14.
dxc5 Bxc5 15. Ne4 Be7 16. Qg4 O-O 17. Bh6 Ne8 18. Nhg5 Qc7 19. Nf3 Kh8 20.
Bg5 Bxg5 21. Nexg5 h6 22. Rac1 Qd7 23. Rfd1 Qxa4 24. Nxf7+ Rxf7 25. Qxe6
Qd7 26. Qxd5 Qxd5 27. Rxd5 a5 28. Ra1 Rc7 29. g3 a4 30. Rb5 Rc4 31. b3 Rc3
32. Nd4 a3 33. Rxb4 Rd3 34. Nc2 Rd5 35. f4 a2 36. Ra4 Rc8 37. R4xa2 Nc7 38.
Ne1 Ne6 39. Ra8 Rxa8 40. Rxa8+ Kh7 41. Ra6 Nc7 42. Rd6 Rb5 43. Rd3 Kg6 44.
Nc2 Ra5 45. Ne3 Ra1+ 46. Kf2 Ra2+ 47. Kf3 Rxh2 48. f5+ 1-0

[Event "Golden Cleopatra Open"]
[Site "Cairo EGY"]
[Date "2001.05.03"]
[Round "2"]
[White "Sarwat,W"]
[Black "Barsov,A"]
[Result "1/2-1/2"]
[WhiteElo "2356"]
[BlackElo "2519"]
[EventDate "2001.05.02"]

1. e4 e6 2. d4 d5 3. e5 c5 4. c3 Nc6 5. Nf3 Bd7 6. Be2 Nge7 7. O-O Nf5 8.
b3 cxd4 9. Nxd4 Ncxd4 10. cxd4 Qb6 11. Bb2 Rc8 12. g4 Nh4 13. Na3 h5 14.
gxh5 Nf5 15. Nc2 Bb5 16. Rc1 Kd7 17. Ne3 Rxc1 18. Bxb5+ Qxb5 19. Bxc1 Nh4
20. a4 Qb4 21. Bb2 Qd2 22. Qg4 g5 23. Ba1 Qd3 24. Kh1 Be7 25. Rc1 Nf5 26.
Qf3 Qxb3 27. Qe2 Nxe3 28. fxe3 g4 29. Qxg4 Qxe3 30. Rf1 Rh7 31. a5 Qg5 32.
Qxg5 Bxg5 33. Bc3 Ke8 34. Rb1 f5 35. exf6 Bxf6 36. Kg2 Rc7 37. Rb3 Kf7 38.
Kf3 b5 39. axb6 axb6 40. Ke2 Bd8 41. Bd2 Bf6 1/2-1/2

[Event "Golden Cleopatra Open"]
[Site "Cairo EGY"]
[Date "2001.05.03"]
[Round "2"]
[White "Mirzoev,A"]
[Black "El Arousy,A"]
[Result "1-0"]
[WhiteElo "2488"]
[BlackElo "2370"]
[EventDate "2001.05.02"]

1. d4 Nf6 2. Nf3 e6 3. c4 d5 4. Nc3 dxc4 5. e3 c5 6. Bxc4 a6 7. O-O b5 8.
Bb3 Bb7 9. Qe2 Nbd7 10. Rd1 Qb6 11. d5 c4 12. dxe6 fxe6 13. Bc2 Bc5 14. b3
Rc8 15. Bb2 Bb4 16. Rac1 O-O 17. bxc4 Rxc4 18. Bb3 Rg4 19. Ne1 Nc5 20. Bc2
Rc4 21. Bb1 Qa5 22. Nd3 Nxd3 23. Qxd3 Rfc8 24. Ne2 Rxc1 25. Rxc1 Rxc1+ 26.
Bxc1 Be4 27. Qb3 Bd5 28. Qc2 Be4 29. Qc8+ Kf7 30. Bxe4 Nxe4 31. Nd4 Nc5 32.
h4 Qxa2 33. Qc7+ Kf8 34. Nc6 1-0

[Event "Golden Cleopatra Open"]
[Site "Cairo EGY"]
[Date "2001.05.03"]
[Round "2"]
[White "Kasparov,S"]
[Black "Hassan,Say"]
[Result "1-0"]
[WhiteElo "2456"]
[BlackElo "2363"]
[EventDate "2001.05.02"]

1. d4 Nf6 2. c4 g6 3. Nc3 Bg7 4. e4 d6 5. f3 O-O 6. Be3 e5 7. d5 c6 8. Qd2
cxd5 9. cxd5 a6 10. Bd3 Nh5 11. Nge2 f5 12. O-O-O f4 13. Bf2 b5 14. Kb1 Nd7
15. Rc1 Qa5 16. a3 Bb7 17. Rc2 Rfc8 18. Rhc1 Bf6 19. Na2 Qxd2 20. Rxd2 Bd8
21. Rdc2 Rxc2 22. Rxc2 Rc8 23. Rxc8 Bxc8 24. Nec3 Bb6 25. Bxb6 Nxb6 26. b4
g5 27. h3 Ng3 28. Kb2 h5 29. a4 Nc4+ 30. Bxc4 bxc4 31. b5 a5 32. Nc1 Kf7
33. Nd1 Ke7 34. Kc3 Kd8 35. Kxc4 Kc7 36. Kd3 Kb6 37. Nb2 Nf1 38. Nc4+ Kc7
39. Nb3 g4 40. hxg4 hxg4 41. Nbxa5 1-0

[Event "Golden Cleopatra Open"]
[Site "Cairo EGY"]
[Date "2001.05.03"]
[Round "2"]
[White "Adly,A"]
[Black "Khamrakulov,I"]
[Result "0-1"]
[WhiteElo "2209"]
[BlackElo "2451"]
[EventDate "2001.05.02"]

1. d4 Nf6 2. Nf3 g6 3. e3 Bg7 4. b3 c5 5. Bb2 cxd4 6. exd4 O-O 7. Nbd2 Nc6
8. a3 d5 9. Bd3 Nh5 10. g3 Qb6 11. c3 Bh3 12. Ng5 Bd7 13. Nxh7 Rfe8 14. O-O
e5 15. Ng5 e4 16. Bc2 f6 17. Ngxe4 dxe4 18. Bxe4 f5 19. Bf3 Nf6 20. Nc4 Qc7
21. Bc1 Ne4 22. Bf4 Qd8 23. Bxe4 fxe4 24. Nd6 Rf8 25. Nxe4 Bf5 26. Re1 Qd5
27. Nd2 g5 28. Be3 Bh3 29. f3 g4 30. Qe2 gxf3 31. Qc4 Qxc4 32. Nxc4 Rae8
33. Kf2 Be6 34. Nd6 Rd8 35. Nxb7 Rb8 36. Nc5 Bg4 37. b4 Rbe8 38. Rad1 Ne7
39. Bd2 Nf5 40. Rxe8 Rxe8 41. Re1 Rxe1 42. Kxe1 Nd6 43. Kf2 Kf7 44. h3 Bxh3
45. Kxf3 Bf1 46. a4 Bc4 47. Bf4 Bd5+ 48. Ke2 Nc4 49. a5 Na3 50. Kd1 Kg6 51.
Bb8 Nb5 52. Kc2 Kf5 53. Kd3 Bg2 54. Nb3 Be4+ 55. Kd2 Bh6+ 56. Bf4 Bxf4+ 57.
gxf4 Bd5 58. Nc5 Kxf4 59. Kd3 Nd6 60. Nd7 Bc4+ 61. Kd2 Ke4 62. Ne5 Bb5 63.
Kc2 Nc4 64. Ng4 Ba4+ 65. Kc1 Kd3 66. Ne5+ Kxc3 67. Nxc4 Kxc4 68. Kb2 a6 69.
d5 Kxd5 70. Kc3 Bb5 71. Kb2 Kd4 72. Kc2 Ke3 73. Kc3 Ke4 74. Kc2 Kd4 75. Kd2
Ba4 76. Ke2 Kc3 77. Ke1 Kd3 78. Kf2 Bc2 79. Kf3 Bd1+ 80. Kf4 Kd4 81. Kf5
Bc2+ 82. Ke6 Bh7 83. Kd6 Bf5 84. Kc6 Kc4 85. Kb6 Bc8 86. Kc6 Kxb4 87. Kb6
0-1

[Event "Golden Cleopatra Open"]
[Site "Cairo EGY"]
[Date "2001.05.03"]
[Round "2"]
[White "Radulov,I"]
[Black "Roeder,M"]
[Result "1/2-1/2"]
[WhiteElo "2390"]
[BlackElo "2459"]
[EventDate "2001.05.02"]

1. Nf3 Nf6 2. g3 g6 3. Bg2 Bg7 4. d4 O-O 5. O-O d6 6. c4 c6 7. Nc3 Qa5 8.
d5 Qa6 9. Nd2 Nbd7 10. e4 Ne5 11. dxc6 bxc6 12. Qe2 Bg4 13. f3 Be6 14. b3
Nfd7 15. Bb2 d5 16. cxd5 Qxe2 17. Nxe2 cxd5 18. f4 Nf3+ 19. Bxf3 Bxb2 20.
Rab1 Ba3 21. exd5 Bf5 22. Ne4 Rac8 23. Nd4 Bxe4 24. Bxe4 Nf6 25. Bf3
1/2-1/2

[Event "Golden Cleopatra Open"]
[Site "Cairo EGY"]
[Date "2001.05.03"]
[Round "2"]
[White "Bakre,T"]
[Black "Rahman,Ye"]
[Result "1/2-1/2"]
[WhiteElo "2419"]
[BlackElo "2267"]
[EventDate "2001.05.02"]

1. e4 e5 2. Nf3 Nf6 3. d4 Nxe4 4. Bd3 d5 5. Nxe5 Nd7 6. Nxd7 Bxd7 7. Qh5
Nf6 8. Qe5+ Be6 9. Bf4 Bd6 10. Bb5+ Ke7 11. Qe3 c6 12. Bd3 Bxf4 13. Qxf4
Qd6 14. Qh4 h6 15. Nd2 Rae8 16. O-O-O g5 17. Qg3 Nh5 18. Qf3 g4 19. Qe3 Kd8
20. Qe5 Qxe5 21. dxe5 Nf4 22. g3 Nxd3+ 23. cxd3 Bf5 24. d4 f6 25. exf6 Rhf8
26. Rde1 Rxe1+ 27. Rxe1 Rxf6 28. Re3 Be4 29. Nxe4 dxe4 30. Re2 Kc7 31. Rxe4
Rxf2 32. Rxg4 Rxh2 33. Rg7+ 1/2-1/2

[Event "Golden Cleopatra Open"]
[Site "Cairo EGY"]
[Date "2001.05.03"]
[Round "2"]
[White "Tissir,M"]
[Black "Chahrani,I"]
[Result "1/2-1/2"]
[WhiteElo "2352"]
[BlackElo "2358"]
[EventDate "2001.05.02"]

1. e4 c5 2. Nf3 Nc6 3. d4 cxd4 4. Nxd4 Nf6 5. Nc3 d6 6. Bg5 e6 7. Qd2 Be7
8. O-O-O Nxd4 9. Qxd4 a6 10. f4 b5 11. h4 Bb7 12. Rh3 h6 13. Bxf6 gxf6 14.
a4 bxa4 15. Qxa4+ Kf8 16. f5 Rg8 17. Bc4 Bc8 18. fxe6 fxe6 19. Rf3 Bd7 20.
Qa2 Qc8 21. e5 Rg4 22. Be2 f5 23. exd6 Bxh4 24. Rfd3 Rb4 25. Rd4 Bg5+ 26.
Kb1 Qxc3 27. Rc4 Qe5 28. Rxb4 Qxe2 29. Rbd4 Rc8 30. Qb3 Qxg2 31. Rc4 Rxc4
32. Qxc4 Qf3 33. Rd3 Qc6 34. Qd4 Kf7 35. Qh8 Qc8 36. Qh7+ Kf6 37. Rc3 Bc6
1/2-1/2

[Event "Golden Cleopatra Open"]
[Site "Cairo EGY"]
[Date "2001.05.03"]
[Round "2"]
[White "Georg,Ma"]
[Black "Mahdi,K"]
[Result "0-1"]
[WhiteElo "2277"]
[BlackElo "2354"]
[EventDate "2001.05.02"]

1. e4 c6 2. d3 d5 3. Nd2 e5 4. Ngf3 Bd6 5. g3 Ne7 6. Bg2 O-O 7. O-O Bc7 8.
Qe2 Ng6 9. b3 Re8 10. Bb2 a5 11. a4 Na6 12. Rfe1 d4 13. Nf1 Nc5 14. h4 Nf8
15. N1h2 h6 16. Nd2 Nh7 17. Qh5 Nf6 18. Qe2 Ra6 19. Rf1 b5 20. Ba3 Ne6 21.
Rfb1 Ra7 22. Qf1 Ba6 23. Qd1 Bc8 24. Qf1 Rb7 25. Bh3 Nd7 26. Qe2 Ndc5 27.
Bxc5 Nxc5 28. Bxc8 Qxc8 29. Qh5 Qe6 30. Nhf3 Nd7 31. Nh2 Reb8 32. Kg2 Nc5
33. Qd1 bxa4 34. bxa4 Rb4 35. Rxb4 Rxb4 36. Nhf3 Nxa4 37. Nc4 Nc3 38. Qe1
a4 39. Nfd2 c5 40. Qh1 Rb8 41. Qe1 Rb4 42. Kh2 g6 43. Qf1 Kg7 44. Qg2 Rb8
45. Qf1 Qc6 46. Qh3 Rf8 47. g4 Qf6 48. Nf3 g5 49. Kg2 Ne2 50. Kf1 Nf4 51.
Qg3 Ra8 52. h5 Qc6 53. Nfd2 Ba5 54. Nxa5 Rxa5 55. Nc4 Ra6 56. Qf3 a3 57.
Ra2 Ra4 58. Nd2 c4 59. dxc4 Rxc4 60. Qxa3 Rxc2 0-1

[Event "Golden Cleopatra Open"]
[Site "Cairo EGY"]
[Date "2001.05.03"]
[Round "2"]
[White "Abdel Aziem,R"]
[Black "Himdan,M"]
[Result "0-1"]
[WhiteElo "2269"]
[BlackElo "2348"]
[EventDate "2001.05.02"]

1. e4 c5 2. Nf3 Nc6 3. d4 cxd4 4. Nxd4 Nf6 5. Nc3 e6 6. Ndb5 d6 7. Bf4 e5
8. Bg5 a6 9. Bxf6 gxf6 10. Na3 f5 11. Qh5 b5 12. exf5 b4 13. Bc4 Ra7 14.
Nab5 axb5 15. Nxb5 Rb7 16. a4 bxa3 17. O-O axb2 18. Ra8 d5 19. Qf3 e4 20.
Qe2 Nd4 21. Nxd4 b1=Q 22. Bb3 Qb2 23. Ba4+ Rd7 24. Ne6 Qdb6 25. Rxc8+ Ke7
26. Nxf8 Rd8 27. Nd7 Rxd7 28. Rc6 Qb7 29. f6+ Kd8 30. Ra6 Rc7 31. Rd6+ Kc8
32. h3 Q2b4 33. Ra6 Qc4 34. Qg4+ Kb8 35. Ra5 Qxf1+ 36. Kxf1 Qb1+ 37. Ke2
Rxc2+ 38. Ke3 Qb6+ 39. Kf4 Qxf6+ 0-1